000 00312nam a2200133Ia 4500
008 230917s9999||||xx |||||||||||||| ||und||
040 _e197965
_aMAIN
041 _aEnglish
082 _a370 Y1M
100 _aYadav, Muni Ram
245 0 _aMahadevi Verma ka shiksha mein yogdan
300 _a70 p.
942 _cTH
999 _c51131
_d51131